Cairo /

Saved in:

Main Author: Raymond, Andre (Author)

Other Authors: Wood, Willard.

Format: Book

Language: English
French

Published: Cambridge, MA : Harvard University Press, 2000.

Subjects:

Tags: Add Tag

No Tags, Be the first to tag this record!

Call Number: DT148 .R3913 2000

LEADER 01585namaa2200313 4500
001 10921
003 OSt
005 20250526082700.0
008 130303s2000 mauab b 001 0 eng d
010 |a 00056747 
020 |a 0674003160 
040 |c ARCE Library 
041 1 |a eng  |h fre 
042 |a pcc 
043 |a f-ua--- 
050 4 |a DT148 .R3913 2000 
100 1 |a Raymond, Andre,  |e author 
240 1 0 |a Caire.  |l English. 
245 1 0 |a Cairo /  |c Andre Raymond ; translated by Willard Wood. 
264 1 |a Cambridge, MA :  |b Harvard University Press,  |c 2000. 
300 |a 436 pages :  |b illustrations, maps ;  |c 24 cm. 
500 |a Translation of : Caire. 
504 |a Includes bibliographical references (pages [415]-421) and index. 
505 0 |a Part 1. Foundations (642-1250) -- 1. Fustat, the First Capital -- 2. Cairo, Fatimid City -- 3. Cairo under the Ayyubids -- Part 2. Medieval Cairo (1250-1517) -- 4. The Mamluks -- 5. The High Point of Mamluk Cairo (1250-1348) -- 6. The Great Crisis (1348-1412) -- 7. Maqrizi's Cairo -- 8. The End of an Era (1412-1517) -- Part 3. The Traditional City (1517-1798) -- 9. A New Political System -- 10. Urban Society -- 11. Expansion under the Ottomans -- 12. City Administration and Daily Life -- 13. Spheres of Activity -- Part 4. Contemporary Cairo (1798-1992) -- 14. A Slow Awakening (1798-1863) -- 15. The Dream of Westernization (1863-1936) -- 16. The Nightmares of Growth (1936-1992). 
651 0 |a Cairo (Egypt)  |x History. 
700 1 |a Wood, Willard. 
901 |a reviewed 
942 |c BK  |2 lcc 
999 |c 14783  |d 14783